| 000 | 00391nam a2200169Ia 4500 | ||
|---|---|---|---|
| 008 | 221030s9999 xx 000 0 und d | ||
| 020 | _a0070473714 | ||
| 041 | _aEnglish | ||
| 082 |
_a105.23 _bRog |
||
| 100 | _aD. F. Rogers | ||
| 245 | 0 | _aProcedural Elements of Computer Graphics | |
| 250 | _a2nd | ||
| 260 |
_bTMH _aNew Delhi _c2006 |
||
| 300 | _a711 | ||
| 650 | _aComputers | ||
| 942 | _cBK | ||
| 999 |
_c892 _d892 |
||